Vlastnosti ľahčeného vstrekovaného PVC : Diplomová práca

Gespeichert in:
Bibliographische Detailangaben
1. Verfasser: Španko, Peter (Verfasst von)
Weitere Verfasser: Jahnátek, Ľubomír, 1954- (xxx)
Format: Manuskript Buch
Sprache:Slowakisch
Veröffentlicht: Trnava : STU v Bratislave MtF KNM, 2004
Schlagworte:
Tags: Tag hinzufügen
Keine Tags, Fügen Sie das erste Tag hinzu!

MARC

LEADER 00000ntm a22000003a 4500
001 stu88961
005 20160719154659.2
008 040716s2004----xo------------------slo-d
040 |a STU  |b slo 
041 0 |a slo 
044 |a xo 
100 1 |a Španko, Peter  |4 aut 
245 1 |a Vlastnosti ľahčeného vstrekovaného PVC :  |b Diplomová práca 
260 |a Trnava :  |b STU v Bratislave MtF KNM,  |c 2004 
300 |a 108 s  |c CD 
650 7 |a materiálové inžinierstvo  |2 stusub 
650 7 |a spracovanie a aplikácia plastov  |2 stusub 
700 1 |a Jahnátek, Ľubomír,  |d 1954-  |4 xxx  |u M4000  |U MTF Materiálovotechnologická fakulta  |T MTF Ústav priemyselného inžinierstva a manažmentu  |X 2899  |U M4000  |Y 84  |7 A000002899 
996 |b 284M059822  |c M*DP-5084  |l MMSKP  |s P  |a 0  |w stu88961_0001